अनोखं पालकत्व. (Record no. 1336071)

MARC details
000 -LEADER
fixed length control field 00730nam a2200181Ia 4500
008 - FIXED-LENGTH DATA ELEMENTS--GENERAL INFORMATION
fixed length control field 151202s9999||||xx |||||||||||||| ||und||
082 ## - DEWEY DECIMAL CLASSIFICATION NUMBER
Item number PNVM-69561
100 ## - MAIN ENTRY--PERSONAL NAME
Personal name संपा - पोळ इंदुमती / गद्रे नीता.
245 ## - TITLE STATEMENT
Title अनोखं पालकत्व.
260 ## - PUBLICATION, DISTRIBUTION, ETC. (IMPRINT)
Name of publisher, distributor, etc चंद्रकला प्रकाशन. पुणे.
260 ## - PUBLICATION, DISTRIBUTION, ETC. (IMPRINT)
Date of publication, distribution, etc 69561
300 ## - PHYSICAL DESCRIPTION
Extent 248
600 ## - SUBJECT ADDED ENTRY--PERSONAL NAME
Personal name संपा - पोळ इंदुमती / गद्रे नीता.
630 ## - SUBJECT ADDED ENTRY--UNIFORM TITLE
Uniform title अनोखं पालकत्व.
700 ## - ADDED ENTRY--PERSONAL NAME
Personal name संपा - पोळ इंदुमती / गद्रे नीता.
730 ## - ADDED ENTRY--UNIFORM TITLE
Uniform title अनोखं पालकत्व.
942 ## - ADDED ENTRY ELEMENTS (KOHA)
Koha item type Book
Holdings
Withdrawn status Lost status Damaged status Not for loan Home library Current library Date acquired Cost, normal purchase price Total Checkouts Full call number Barcode Date last seen Cost, replacement price Price effective from Koha item type
        Pune Nagar Vachan Mandir, Pune Pune Nagar Vachan Mandir, Pune 06/21/2015 0.00   PNVM-69561 PNVM-69561 12/02/2015 0.00 12/02/2015 Book